000 00325nam a2200145Ia 4500
005 20260328101441.0
008 260328s9999||||xx |||||||||||||| ||und||
100 _aAmaya, Mario
245 0 _aArt Nouveau /
_cMario Amaya
250 _aLimitada
260 _bStudio Vista
300 _a168 p.
650 _aARTE
942 _cBK
999 _c8267
_d8267